Catalog

Record Details

Catalog Search



NS-Recht in historischer Perpektive

Record details

  • ISBN: 3-486-50721-4
  • Physical Description: 156 s.
  • Edition: 1. Aufl.
  • Publisher: München : Oldenbourg, 1981

Content descriptions

General Note:
Kolloqien des Institus für Zeitgeschichte

Available copies

  • 1 of 1 copy available at Common Catalog SPOK.

Holds

  • 0 current holds with 1 total copy.
Show Only Available Copies
Location Call Number / Copy Notes Barcode Shelving Location Status Due Date
Terezin Initiative Institute 263 4594300263 Knihovna ITI Available -

LDR 00503cam a22001817a 4500
00125313
003CZ-PrJAB
00520221222092605.0
008951030s1981 gw ||||gr|||||||||0|ger|d
020 . ‡a3-486-50721-4
035 . ‡a(CONS)114
035 . ‡a(CZ PrSKC)jin202366
040 . ‡aABD001 ‡bcze ‡cABD001 ‡dABD107
1102 . ‡aInstitut für Zeitgeschichte
24510. ‡aNS-Recht in historischer Perpektive
250 . ‡a1. Aufl.
260 . ‡aMünchen : ‡bOldenbourg, ‡c1981
300 . ‡a156 s.
500 . ‡aKolloqien des Institus für Zeitgeschichte
8524 . ‡bJACH-ITI ‡bJACH-ITI ‡cKnihovna ITI ‡j263 ‡p263 ‡y$0.00
910 . ‡aABE340 ‡b263
995 . ‡askok
901 . ‡a25313 ‡bISxN ‡c25313 ‡tbiblio

Additional Resources